Every Governor of Maine - Statistics

General Stats
  • This quiz has been taken 33 times
  • The average score is 15 of 73
Answer Stats
Picture Hint Answer % Correct
I(1995-2003) Angus King
80%
D(2019-) Janet Mills
80%
R(2011-2019) Paul LePage
80%
DR(1820-1821) William King
80%
D(1955-1959) Edmund Muskie
50%
D(1831-1834) Samuel E. Smith
50%
D(2003-2011) John Baldacci
35%
R(1857-1857) Hannibal Hamlin
30%
R(1867-1871) Joshua Chamberlain
30%
D(1979-1987) Joseph E. Brennan
25%
R(1880-1881) Daniel F. Davis
20%
D(1844-1847) Hugh J. Anderson
20%
R(1987-1995) John R. McKernan Jr.
20%
R(1857-1858) Joseph H. Williams
20%
R(1921-1925) Percival P. Baxter
20%
R(1925-1929) Ralph Owen Brewster
20%
R(1863-1864) Abner Coburn
15%
DR(1822-1827) Albion Parris
15%
D(1879-1880) Alonzo Garcelon
15%
R(1855-1856) Anson Morrill
15%
DR(1821-1822) Benjamin Ames
15%
R(1909-1911) Bert M. Fernald
15%
R(1953-1955) Burton M. Cross
15%
R(1917-1921) Carl Milliken
15%
D(1959-1959) Clinton Clauson
15%
DR(1822-1822) Daniel Rose
15%
D(1844-1844) David Dunn
15%
D(1843-1844) Edward Kavanagh
15%
W(1841-1842) Edward Kent
15%
W(1838-1839) Edward Kent
15%
R(1889-1893) Edwin C. Burleigh
15%
DR(1829-1830) Enoch Lincoln
15%
R(1921-1921) Frederic Hale Parkhurst
15%
R(1949-1952) Frederick G. Payne
15%
R(1883-1887) Frederick Robie
15%
D(1911-1913) Frederick W. Plaisted
15%
G(1881-1883) Harris M. Plaisted
15%
R(1893-1897) Henry B. Cleaves
15%
R(1945-1949) Horace Hildreth
15%
R(1861-1863) Israel Washburn Jr.
15%
I(1975-1979) James B. Longley
15%
D(1842-1843) John Fairfield
15%
D(1839-1841) John Fairfield
15%
R(1901-1905) John Fremont Hill
15%
R(1959-1967) John H. Reed
15%
D(1850-1853) John Hubbard
15%
D(1847-1850) John W. Dana
15%
D(1844-1844) John W. Dana
15%
NR(1830-1831) Jonathan G. Hunton
15%
R(1887-1887) Joseph R. Bodwell
15%
D(1830-1830) Joshua Hall
15%
D(1967-1975) Kenneth M. Curtis
15%
R(1937-1941) Lewis O. Barrows
15%
R(1897-1901) Llewellyn Powers
15%
R(1858-1861) Lot M. Morrill
15%
D(1933-1937) Louis J. Brann
15%
D(1829-1830) Nathan Cutler
15%
R(1874-1876) Nelson Dingley Jr.
15%
D(1915-1917) Oakley C. Curtis
15%
W(1841-1841) Richard H. Vose
15%
R(1959-1959) Robert Haskell
15%
D(1834-1838) Robert P. Dunlap
15%
R(1864-1867) Samuel Cony
15%
D(1856-1857) Samuel Wells
15%
R(1887-1889) Sebastian Streeter Marble
15%
R(1876-1879) Seldon Connor
15%
R(1871-1874) Sidney Perham
15%
R(1941-1945) Sumner Sewall
15%
DR(1821-1821) William D. Williamson
15%
W(1853-1855) William G. Crosby
15%
R(1905-1909) William T. Cobb
15%
R(1913-1915) William T. Haines
15%
R(1929-1933) William Tudor Gardiner
15%
No matching quizzes found
Score Distribution
Percent of People with Each Score
Percentile by Number Answered
Your Score History
You have not taken this quiz